Las setenta maravillas del mundo antiguo : (Record no. 192119)

MARC details
000 -LEADER
campo de control de longitud fija 01484nam a2200337 i 4500
001 - NÚMERO DE CONTROL
campo de control 192119
003 - IDENTIFICADOR DE NÚMERO DE CONTROL
campo de control ES-MaACL
005 - FECHA Y HORA DE LA ÚLTIMA TRANSACCIÓN
campo de control 20250627075918.0
008 - DATOS DE LONGITUD FIJA--INFORMACIÓN GENERAL
campo de control de longitud fija 221104s2001 sp a 001 0 spa c
020 ## - NÚMERO INTERNACIONAL ESTÁNDAR DEL LIBRO
Número Internacional Estándar del Libro 8489396787
040 ## - FUENTE DE CATALOGACIÓN
Lengua de catalogación spa
Centro/agencia transcriptor ES-MaACL
080 ## - NÚMERO DE LA CLASIFICACIÓN DECIMAL UNIVERSAL
Número de la Clasificación Decimal Universal 72(100)(091)
080 ## - NÚMERO DE LA CLASIFICACIÓN DECIMAL UNIVERSAL
Número de la Clasificación Decimal Universal 72.032
100 1# - ENTRADA PRINCIPAL--NOMBRE DE PERSONA
Nombre de persona Scarre, Christopher.
9 (RLIN) 175729
Término indicativo de función/relación Autor
245 14 - MENCIÓN DEL TÍTULO
Título Las setenta maravillas del mundo antiguo :
Resto del título los grandes monumentos y cómo se construyeron /
Mención de responsabilidad, etc. Chris Scarre ; traducción, Jorge González Batlle, Cristina Rodríguez Castillo
250 ## - MENCION DE EDICION
Mención de edición Primera edición en lengua española 2001
250 ## - MENCION DE EDICION
Mención de edición Reimpresión 2002
260 ## - PUBLICACIÓN, DISTRIBUCIÓN, ETC.
Lugar de publicación, distribución, etc. Barcelona :
Nombre del editor, distribuidor, etc. Blume,
Fecha de publicación, distribución, etc. 2002
Lugar de fabricación/manufactura (China)
300 ## - DESCRIPCIÓN FÍSICA
Extensión 304 páginas :
Otras características físicas ilustraciones (blanco y negro y color), mapas, planos ;
Dimensiones 27 cm
500 ## - NOTA GENERAL
Nota general Índice
504 ## - NOTA DE BIBLIOGRAFÍA, ETC.
Nota de bibliografía, etc. Bibliografía: páginas 293-297
520 ## - RESUMEN, ETC.
Sumario, etc. En cub.: "Las siete maravillas. Tumbas y cementerios. Templos y santuarios. Palacios, termas y anfiteatros. Fortificaciones. Puertos, obras hidráulicas y calzadas. Estatuas colosales y monolitos"
650 #4 - PUNTO DE ACCESO ADICIONAL DE MATERIA--TÉRMINO DE MATERIA
Término de materia o nombre geográfico como elemento de entrada Monumentos
9 (RLIN) 151573
650 #4 - PUNTO DE ACCESO ADICIONAL DE MATERIA--TÉRMINO DE MATERIA
Término de materia o nombre geográfico como elemento de entrada Arquitectura antigua
9 (RLIN) 10011
700 1# - ENTRADA AGREGADA--NOMBRE PERSONAL
9 (RLIN) 142669
Nombre de persona González Batlle, Jorge
Término indicativo de función/relación Traductor
700 1# - ENTRADA AGREGADA--NOMBRE PERSONAL
9 (RLIN) 235078
Nombre de persona Rodríguez Castillo, Cristina
Término indicativo de función/relación Traductor
852 ## - LOCALIZACIÓN
Ubicación ES-MaACL
Número de control de estantería N-8205
Encuadernación Encuadernación: cartoné
Sublocalización o colección R. 153052
Ubicación en estantería Depósito J
Donativo/Legado Donativo: Carlos d'Ors
itemnumber 199401
903 ## - NOMBRE PERSONAL DE DONANTE
9 87369
a Ors Führer, Carlos d'
e Donante
942 ## - ELEMENTOS DE ENTRADA SECUNDARIOS (KOHA)
Tipo de ítem Koha Libro impreso
Suprimir en OPAC No
Holdings
Estatus retirado Estado de pérdida Fuente del sistema de clasificación o colocación Estado de daño No para préstamo Biblioteca de origen Biblioteca actual Ubicación en estantería Fecha de adquisición Fuente de adquisición Total de préstamos Signatura topográfica completa Código de barras Visto por última vez Tipo de ítem Koha
    Clasificación decimal universal     Biblioteca del Ateneo de Madrid Biblioteca del Ateneo de Madrid Depósito J 04/11/2022 Donación   N-8205 101206677 23/02/2023 Libro impreso